000 00320pab a2200145 454500
008 180718b1985 xxu||||| |||| 00| 0 eng d
100 _aSharma, D.P.
245 _aExplaning poverty in India
260 _c1985
300 _a47-59
362 _aJan.
650 _aPoverty - India
773 _aMargin
909 _a15875
999 _c15875
_d15875